Países más corruptos - Estadísticas

Estadísticas generales
  • Esta prueba ha sido intentada 112 veces
  • La puntuación promedio es 5 de 15
Estadísticas de respuestas
Continete País % Correcto
América del Sur Venezuela
74%
Asia Corea del Norte
52%
África Somalia
52%
África R. D. Congo
51%
África República del Congo
51%
África Sudán
49%
África Sudán del Sur
40%
América del Norte Haití
37%
África Libia
25%
Asia Siria
20%
Asia Yemen
19%
África Burundi
17%
Asia Turkmenistán
13%
África Guinea Ecuatorial
7%
África Guinea-Bissau
1%
No se encontraron pruebas coincidentes
Distribución de puntuación
Porcentaje de gente con cada puntuación
Porcentaje por número respondido
Historial de tus puntuaciones
No has intentado esta prueba.